| 000 | 00629nam a2200205Ia 4500 | ||
|---|---|---|---|
| 005 | 20260429112207.0 | ||
| 008 | 260429s9999||||xx |||||||||||||| ||und|| | ||
| 020 | _a9789391685515 | ||
| 041 | _aEnglish | ||
| 082 |
_a305.800 _bSAC |
||
| 100 | _aSachan, Jitendranath Singhdeb | ||
| 245 | 0 |
_aHistory of the Kudmis in eastern India : _ba study on their society, economy and culture / _cJitendranath Singhdeb Sachan |
|
| 250 | _a1st ed. | ||
| 260 |
_aNew Delhi : _bAAYU Publications, _c2025. |
||
| 300 | _axv, 162 p.; hb | ||
| 650 | _a Eastern India | ||
| 650 | _a Social history | ||
| 650 | _aKudmi community | ||
| 942 | _cTB | ||
| 999 |
_c52826 _d52826 |
||